Bodies of Water Surrounding Australia - Statistics

General Stats
  • This quiz has been taken 395 times
  • The average score is 6 of 8
Answers on the Map
Answers color-coded by a green-red scale on the quiz's map according to % correct below.
 
Answer Stats
Body of Water % Correct
{Indian} Ocean
96%
{Pacific} Ocean
94%
{Tasman} Sea
91%
{Coral} Sea
79%
{Great Australian} Bight
75%
{Bass} Strait
66%
{Timor} Sea
57%
{Arafura} Sea
46%
No matching quizzes found
Score Distribution
Percent of People with Each Score
Percentile by Number Answered
Your Score History
You have not taken this quiz